| 000 | 00458nam a2200181Ia 4500 | ||
|---|---|---|---|
| 001 | 13438 | ||
| 005 | 20260306164801.0 | ||
| 008 | 260306t2012||||xx |||||||||||||| ||spa|| | ||
| 041 | _aESP | ||
| 082 |
_a004.16 _bC32 |
||
| 100 |
_aCastro, Elizabeth _eAUT |
||
| 245 | 0 | _aCreación de eBooks en formato EPUB para iPad y otros lectores | |
| 260 | _c2012 | ||
| 300 |
_a207 páginas : _c22 cm. |
||
| 650 | _aGEN | ||
| 654 | _aCCC | ||
| 942 |
_cLIB _dJUS _fJUS _2ddc _n |
||
| 999 |
_c13438 _d13438 |
||